Jesus wars : (Record no. 10200)

MARC details
000 -LEADER
fixed length control field 02411cam a22004215a 4500
001 - CONTROL NUMBER
control field 16329651
003 - CONTROL NUMBER IDENTIFIER
control field GBCCL
005 - DATE AND TIME OF LATEST TRANSACTION
control field 20241126110727.0
008 - FIXED-LENGTH DATA ELEMENTS--GENERAL INFORMATION
fixed length control field 100713s2010 nyub b 001 0 eng d
010 ## -
-- 2010281094
020 ## - INTERNATIONAL STANDARD BOOK NUMBER
International Standard Book Number 9780061768941
020 ## - INTERNATIONAL STANDARD BOOK NUMBER
International Standard Book Number 0061768944
020 ## - INTERNATIONAL STANDARD BOOK NUMBER
International Standard Book Number 9780281063338
035 ## - SYSTEM CONTROL NUMBER
System control number (OCoLC)ocn419857423
040 ## - CATALOGING SOURCE
Original cataloging agency BTCTA
Transcribing agency BTCTA
Modifying agency OCP
-- YDXCP
-- CPE
-- B2A
-- MOF
-- SGB
-- VP@
-- BWX
-- DLC
042 ## -
-- lccopycat
050 00 -
-- BT25
-- .J46 2010
082 ## - DEWEY DECIMAL CLASSIFICATION NUMBER
Classification number 270.1
Item number JEN
100 1# - MAIN ENTRY--PERSONAL NAME
Personal name Jenkins, Philip,
Dates associated with a name 1952-
9 (RLIN) 15788
245 10 - TITLE STATEMENT
Title Jesus wars :
Remainder of title how four patriarchs, three queens, and two emperors decided what Christians would believe for the next 1,500 years /
Statement of responsibility, etc. Philip Jenkins.
250 ## - EDITION STATEMENT
Edition statement 1st ed.
260 ## - PUBLICATION, DISTRIBUTION, ETC.
Place of publication, distribution, etc. New York :
Name of publisher, distributor, etc. HarperOne,
Date of publication, distribution, etc. c2010.
300 ## - PHYSICAL DESCRIPTION
Extent xix, 328 p. :
Other physical details maps ;
Dimensions 24 cm.
504 ## - BIBLIOGRAPHY, ETC. NOTE
Bibliography, etc. note Includes bibliographical references (p. [289]-317) and index.
505 0# - FORMATTED CONTENTS NOTE
Formatted contents note The heart of the matter -- The war of two natures -- Four horsemen: the Church's patriarchs -- Queens, generals, and emperors -- Not the Mother of God? -- The death of God -- Chalcedon -- How the Church lost half the world -- What was saved.
520 ## - SUMMARY, ETC.
Summary, etc. Jesus Wars reveals how official, orthodox teaching about Jesus was the product of political maneuvers by a handful of key characters in the fifth century. Jenkins argues that were it not for these controversies, the papacy as we know it would never have come into existence and that today's church could be teaching some-thing very different about Jesus. It is only an accident of history that one group of Roman emperors and militia-wielding bishops defeated another faction. --from publisher description
600 00 - SUBJECT ADDED ENTRY--PERSONAL NAME
Personal name Jesus Christ
General subdivision History of doctrines.
9 (RLIN) 1326
600 00 - SUBJECT ADDED ENTRY--PERSONAL NAME
Personal name Jesus Christ
General subdivision Person and offices.
9 (RLIN) 268
650 #0 - SUBJECT ADDED ENTRY--TOPICAL TERM
Topical term or geographic name entry element Theology, Doctrinal
General subdivision History
Chronological subdivision Early church, ca. 30-600.
9 (RLIN) 617
650 #0 - SUBJECT ADDED ENTRY--TOPICAL TERM
Topical term or geographic name entry element Church history
Chronological subdivision Primitive and early church, ca. 30-600.
9 (RLIN) 965
650 #0 - SUBJECT ADDED ENTRY--TOPICAL TERM
Topical term or geographic name entry element Councils and synods.
9 (RLIN) 17709
650 #0 - SUBJECT ADDED ENTRY--TOPICAL TERM
Topical term or geographic name entry element Christian civilization.
9 (RLIN) 559
856 42 - ELECTRONIC LOCATION AND ACCESS
Materials specified Contributor biographical information
Uniform Resource Identifier <a href="http://www.loc.gov/catdir/enhancements/fy1011/2010281094-b.html">http://www.loc.gov/catdir/enhancements/fy1011/2010281094-b.html</a>
856 42 - ELECTRONIC LOCATION AND ACCESS
Materials specified Publisher description
Uniform Resource Identifier <a href="http://www.loc.gov/catdir/enhancements/fy1011/2010281094-d.html">http://www.loc.gov/catdir/enhancements/fy1011/2010281094-d.html</a>
906 ## - LOCAL DATA ELEMENT F, LDF (RLIN)
a 7
b cbc
c copycat
d 2
e ncip
f 20
g y-gencatlg
942 ## - ADDED ENTRY ELEMENTS (KOHA)
Source of classification or shelving scheme Dewey Decimal Classification
Koha item type Books
Holdings
Withdrawn status Lost status Source of classification or shelving scheme Damaged status Not for loan Home library Current Library Shelving location Date acquired Total checkouts Full call number Barcode Date last seen Copy number Price effective from Koha item type
    Dewey Decimal Classification     GRACE BIBLE COLLEGE GRACE BIBLE COLLEGE Church History 2024-04-23   270.1 JEN 016753 2025-05-01 c.1 2024-04-23 Books
© Grace Bible College Library 2025